000 00677nam a22002057a 4500
999 _c17825
_d17825
003 OSt
005 20230120130358.0
008 230120b ||||| |||| 00| 0 eng d
040 _c0
082 _aDPer 370.5 M720 June - December 2017 v66 no. 1-7
100 _aBunnao, Nestor Y.
_eauthor.
_947363
245 _a3rd quarter nationwide simultaneous earthquake drill /
_cNestor Y. Bunnao
260 _aPhilippines :
_bPapi Publishers, Inc.
_cJuly 2017.
300 _avolume 66, page 70.
650 _aDisaster relief.
_947364
650 _aEmergency preparedness.
_947365
650 _aEarthquake
_947366
700 _aBunnao, Nestor Y.
_eauthor.
_947363
942 _2ddc
_cPER